000 00395nam a2200169Ia 4500
008 230524s9999 xx 000 0 und d
020 _a8120316096
082 _a658.8
_bKOT
100 _aPhilip Kotler
245 0 _aMarketing Management
250 _a12TH
260 _aNEW DELHI
_bPHI
_c2007
300 _aXXXI;831
500 _aQuantity Number: 57
650 _aManagement
942 _cBK
999 _c15866
_d15866